<?xml version="1.0" encoding="UTF-8"?><?xml-stylesheet type="text/xsl" href="static/style.xsl"?><OAI-PMH xmlns="http://www.openarchives.org/OAI/2.0/" xmlns:xsi="http://www.w3.org/2001/XMLSchema-instance" xsi:schemaLocation="http://www.openarchives.org/OAI/2.0/ http://www.openarchives.org/OAI/2.0/OAI-PMH.xsd"><responseDate>2026-04-17T02:13:38Z</responseDate><request verb="GetRecord" identifier="oai:www.recercat.cat:2117/355736" metadataPrefix="marc">https://recercat.cat/oai/request</request><GetRecord><record><header><identifier>oai:recercat.cat:2117/355736</identifier><datestamp>2025-07-23T07:02:18Z</datestamp><setSpec>com_2072_1033</setSpec><setSpec>col_2072_452951</setSpec></header><metadata><record xmlns="http://www.loc.gov/MARC21/slim" xmlns:dcterms="http://purl.org/dc/terms/" xmlns:xsi="http://www.w3.org/2001/XMLSchema-instance" xmlns:doc="http://www.lyncode.com/xoai" xsi:schemaLocation="http://www.loc.gov/MARC21/slim http://www.loc.gov/standards/marcxml/schema/MARC21slim.xsd">
   <leader>00925njm 22002777a 4500</leader>
   <datafield ind2=" " ind1=" " tag="042">
      <subfield code="a">dc</subfield>
   </datafield>
   <datafield ind2=" " ind1=" " tag="720">
      <subfield code="a">Duro Biondi, Fernando</subfield>
      <subfield code="e">author</subfield>
   </datafield>
   <datafield ind2=" " ind1=" " tag="260">
      <subfield code="c">2021-06-16</subfield>
   </datafield>
   <datafield ind2=" " ind1=" " tag="520">
      <subfield code="a">Davant la dificultat de part de l'alumnat de l'ESO a l'àmbit de la geometria (visió espacial i representació de figures tridimensionals); observada durant les meves pràctiques de el màster de professorat en un Institut públic de Barcelona; i davant la evidenciada seriosa dificultat dels alumnes en Geometria, segons estudis pertinents a nivell nacional, als quals es fa referència a la primera part d'aquest estudi; l'objectiu d'aquest treball és el de proposar, analitzar i promoure una millora en l'adquisició d'aquestes competències així com també en l'atenció a la diversitat a l'aula; mitjançant la incorporació de la tecnologia de la realitat augmentada en el material didàctic docent.Ho fa mitjançant el disseny de material didàctic més manipulable amb programes de geometria dinàmica com el GeoGebra, donant més presència als contextos de la vida quotidiana de l'alumne en el contingut: "Representació en sistema dièdric de plànols", per fer-la menys abstracta i més accessible. A partir de políedres representats en 2D dels exercicis "tradicionals", s'elaboren proptotipos digitals en 3D per després incorporar-los mitjançant la realitat augmentada a l'material didàctic docent.</subfield>
   </datafield>
   <datafield ind2=" " ind1=" " tag="520">
      <subfield code="a">Ante la dificultad de parte del alumnado de la ESO en el el ámbito de la geometría (visión espacial y representación de figuras tridimensionales); observada durante mis prácticas del máster de profesorado en un Instituto público de Barcelona; y ante la evidenciada seria dificultad de los alumnos en Geometría, según estudios pertinentes a nivel nacional, a los que se hace referencia en la primera parte de este estudio; el objetivo de este trabajo es el de proponer, analizar y promover una mejora en la adquisición de estas competencias así como también en la atención a la diversidad en el aula; mediante la incorporación de la tecnología de la Realidad Aumentada en el material didáctico docente. Lo hace mediante el diseño de material didáctico más manipulable con programas de geometría dinámica como el GeoGebra, dando más presencia a los contextos de la vida cotidiana del alumno en el contenido: “Representación en sistema diédrico de planos”, para hacerla menos abstracta y más accesible. A partir de poliedros representados en 2D de los ejercicios “tradicionales”, se elaboran proptotipos digitales en 3D para luego incorporarlos mediante la Realidad Aumentada al material didáctico docente.</subfield>
   </datafield>
   <datafield tag="653" ind2=" " ind1=" ">
      <subfield code="a">Àrees temàtiques de la UPC::Ensenyament i aprenentatge::Ensenyament secundari::ESO</subfield>
   </datafield>
   <datafield tag="653" ind2=" " ind1=" ">
      <subfield code="a">Augmented reality</subfield>
   </datafield>
   <datafield tag="653" ind2=" " ind1=" ">
      <subfield code="a">Realitat augmentada</subfield>
   </datafield>
   <datafield tag="653" ind2=" " ind1=" ">
      <subfield code="a">geometria</subfield>
   </datafield>
   <datafield tag="653" ind2=" " ind1=" ">
      <subfield code="a">sistema dièdric.</subfield>
   </datafield>
   <datafield tag="653" ind2=" " ind1=" ">
      <subfield code="a">Augmented reality</subfield>
   </datafield>
   <datafield tag="653" ind2=" " ind1=" ">
      <subfield code="a">geometry</subfield>
   </datafield>
   <datafield tag="653" ind2=" " ind1=" ">
      <subfield code="a">dihedral system.</subfield>
   </datafield>
   <datafield tag="653" ind2=" " ind1=" ">
      <subfield code="a">Realitat augmentada</subfield>
   </datafield>
   <datafield tag="653" ind2=" " ind1=" ">
      <subfield code="a">Sistema dièdric</subfield>
   </datafield>
   <datafield tag="653" ind2=" " ind1=" ">
      <subfield code="a">Educació secundària obligatòria</subfield>
   </datafield>
   <datafield ind2="0" ind1="0" tag="245">
      <subfield code="a">Incorporación de la Realidad Aumentada al material didáctico de Geometría, que facilite logros competenciales y la atención a la diversidad del alumnado, en la Enseñanza Secundaria Obligatoria (ESO)</subfield>
   </datafield>
</record></metadata></record></GetRecord></OAI-PMH>